000 00697cab a2200241 4500
001 ABS43247
008 090401t1990 xxu||||| |||| 00| 0 eng d
035 _a(Sirsi) u41056
041 _aeng
245 _aTokyo`s property and the emperor`s clothes
260 _c1990
350 _a0
490 _aEconomist
_v316(7669) 25 August 1990, 63-64(2)
520 _aPredicts a crash in property prices in Japan , which cannot be held in check by the artificial creation of a land shortage .
650 _aBANKS
650 _aFINANCE
650 _aINTEREST RATES
650 _aINVESTMENT
650 _aLENDERS
690 _aOVERSEAS-REST OF THE WORLD
942 _n0
948 _c04/03/1997
999 _c26353
_d26353